000 01049nam a22002537a 4500
005 20170124103049.0
010 _aA-479531
020 _c100.00
035 _aA-479531
037 _bCen Lib/Ret
040 _aDPL
_bHN
082 _a
_bतेलुगु
245 _aतेलुगु कहानियां /
_cसंपादक कमलेश्वर
246 _aTelugu kahaniyan /
_bsampadak Kamleshwar
260 _aनयी दिल्ली
_bपुताकायण
_c1990
270 _a2/4240, ए, अंसारी रोड, दरयागंज
_bनयी दिल्ली
_e110002
300 _a206पृ.
_c19सेमी (सजिल्द )
650 _aतेलुगु साहित्य
_x
_z
_969919
650 _aतेलुगु साहित्य
_v
_xकहानियां
_969920
650 _aTelugu literature
_921425
650 _aTelugu literature
_xstories
_966414
700 _aकमलेश्वर
_969921
942 _2ddc
_cHN
_h
_mतेलुगु
999 _c117072
_d117072